000 00437nam a22001577a 4500
005 20231124102255.0
008 231124b |||||||| |||| 00| 0 eng d
041 _aEnglish
082 _a343.3 STA
100 _lEnglish
245 _aStamp Duties Handbook
260 _aCape Town :
_bJuta and Company Ltd,
_c1968
300 _b232 pages ;
_c33 cm.
650 _aLegal practice
_bLaw
942 _cBK
_6ALISON_BN_VRIES
999 _c938
_d938